000 01023nam a22002652 4500
001 4178
003 BD-RjUL
005 20211208233840.0
008 131222s1967 ii a 00| 0 eng d
035 _aOCLC ocm00244075 from D960930M
_a(BD-RjUL)4212
040 _aDLC
_cDLC
_dBD-RjUL
_beng
041 _aeng
082 _a339.430954
_bSAS 1967.
100 1 _aSahni, Balbir Singh,
_d1934-
_913248
245 1 0 _aSaving and economic development :
_bwith special reference to India /
_c[by] Balbir S. Sahni. With a foreword by Hans W. Singer.
260 _aCalcutta :
_bScientific Book Agency,
_c1967.
300 _axvii, 149 p.
_billus.
_c25 cm.
500 _aExpansion of author's thesis, New School for Social Research, New York, 1965, entitled Saving and Indian economic development.
504 _a includes index Bibliography: p. [139]-142.
650 0 _aSaving and investment
_zIndia.
_913249
650 0 _aEconomic conditions
_zIndia
_y1947-
_913250
942 _2ddc
_cBK
999 _c4178
_d4178